| 000 | 01748nam0a2200361 4500 | ||
|---|---|---|---|
| 001 | RU\NLR\BIBL_A\012619009 | ||
| 005 | 20211027122426.0 | ||
| 010 |
_a978-5-235-04449-4 _92000 |
||
| 021 |
_aRU _bКН-П-21-041200 _9КН-П-21-3234 |
||
| 035 | _a(NLR Aleph) 012619009 | ||
| 090 |
_a12633150 _c12633150 |
||
| 100 | _a20211013d2021 u y0rusy50 ca | ||
| 101 | 0 | _arus | |
| 102 | _aRU | ||
| 105 | _a c||z|||000zb | ||
| 181 | 0 |
_ai3 _baxxe |
|
| 182 | 0 | _an | |
| 200 | 1 |
_aАйвазовский _eхудожник пяти императоров и одного искусства _fЕкатерина Скоробогачева |
|
| 203 |
_aТекст _bвизуальный _cнепосредственный |
||
| 210 |
_aМосква _cМолодая гвардия _d2021 |
||
| 215 |
_a331, [3] с., [16] л. ил., портр., цв. ил. _d21 |
||
| 300 | _aНа 4-й с. обл. авт.: Екатерина Скоробогачева, д-р искусствоведения, проф. | ||
| 320 | _aБиблиогр.: с. 326-332 и в подстроч. примеч. | ||
| 320 | _aДр. произведения авт. на 4-й с. обл. | ||
| 333 | _a16+ | ||
| 600 | 1 |
_aАйвазовский _bИ. К. _f1817 - 1900 _gИван Константинович _9919990 _3RU\NLR\AUTH\6618128 |
|
| 686 | 1 | _aЩ143(2Р=Рус)52-8Айвазовский | |
| 700 | 1 |
_aСкоробогачева _bЕ. А. _f1977- _gЕкатерина Александровна |
|
| 702 | 1 |
_4040 _7ca _8rus _aАйвазовский _bИ. К. _cхудожник _f1817-1900 _gИван Константинович _927996 _3RU\NLR\AUTH\7745057 |
|
| 942 | _cBOOK | ||
| 980 | _aNB | ||